000 00314pab a2200133 454500
008 180718b1999 xxu||||| |||| 00| 0 eng d
100 _aSchuler, Kurt
245 _aThe problem with pegged exchange rates
260 _c1999
300 _ap.83-102
650 _aExchange rates
773 _aKyklos
909 _a42541
999 _c42541
_d42541